000 00470pab a2200181 454500
008 180718b2009 xxu||||| |||| 00| 0 eng d
100 _aPandey, Anjaney Kumar
245 _aHallmarking the higher education: an imperative need in globalisation
260 _c2009
300 _ap.25-30.
362 _a28 Sep
650 _aGlobalization
650 _aHigher education
700 _aDas, Sanjaya Kumar
773 _aUniversity News
908 _aN
909 _a84029
999 _c84029
_d84029